000 00314nam a22001337a 4500
082 _a824
100 _aPathak pramod
_981685
245 _aEthical insights on awakening the soul
250 _aFirst
260 _aDelhi
_bOcean publishing house
_c2017
300 _a186
650 _a824/Essays
_981686
942 _cBK
999 _c65844
_d65844